Handbook of Indian sociology (Record no. 394658)

MARC details
000 -LEADER
fixed length control field 00470 a2200181 4500
005 - DATE & TIME
control field 20260402141411.0
008 - FIXED-LENGTH DATA ELEMENTS--GENERAL INFORMATION
fixed length control field 260402b |||||||| |||| 00| 0 eng d
020 ## - ISBN
International Standard Book Number 9780195685107
Price Rs. 775.00
040 ## - CATALOGING SOURCE
Original cataloging agency VIVEKANANDA LIBRARY
082 ## - DDC NUMBER
Classification number 301.0954
Book Number H192H
100 ## - MAIN ENTRY--PERSONAL NAME
Personal name Das, Veena, ed.
245 ## - TITLE STATEMENT
Title Handbook of Indian sociology
260 ## - PUBLICATION, DISTRIBUTION, ETC. (IMPRINT)
Name of publisher, distributor, etc Oxford University Press
Date of publication, distribution, etc 2022
Place of publication, distribution, etc New Delhi
300 ## - PHYSICAL DESCRIPTION
Pages viii, 502
650 ## - Subject
Subject Social Science
650 ## - Subject
Subject Sociology
942 ## - ADDED ENTRY ELEMENTS (KOHA)
Koha item type Books
Holdings
Withdrawn status Lost status Source of classification or shelving scheme Damaged status Not for loan Location (home branch) Sublocation or collection (holding branch) Shelving location Date acquired Koha issues (times borrowed) Koha full call number Accession No. Koha date last seen Koha item type
    Dewey Decimal Classification     VIVEKANANDA LIBRARY VIVEKANANDA LIBRARY Vivekananda Library 05/02/2026   301.0954 H192H 438179 05/02/2026 Books
© Designed and Maintained by Vivekananda Library, MDU Rohtak